[Event "Lippe Cup 04th"]
[Site "Lieme"]
[Date "2007.09.28"]
[Round "1"]
[White "Oelschlaeger, Lennart"]
[Black "Hochfeldt, Malte"]
[Result "0-1"]
[WhiteElo "1322"]
[BlackElo "1620"]
[PlyCount "44"]
[EventDate "2007.09.28"]
[EventType "swiss"]
[EventRounds "5"]
[EventCountry "GER"]
[SourceTitle "EXT 2012"]
[Source "ChessBase"]
[SourceDate "2011.11.24"]
[SourceVersion "1"]
[SourceVersionDate "2011.11.24"]
[SourceQuality "1"]

1. d4 Nf6 2. c4 c5 3. Nf3 e6 4. Nc3 Be7 5. e3 0-0 6. Bd3 cxd4 7. exd4 d5 8. cxd5 Nxd5 9. Qc2 Nf6 10. Bd2 Nc6 11. Ne2 Bb4 12. 0-0-0 Qa5 13. a3 Bxd2+ 14. Qxd2 Qxd2+ 15. Rxd2 Bd7 16. Ne5 Rac8 17. Kb1 Nxe5 18. dxe5 Nd5 19. f4 Rfd8 20. g3 Bc6 21. Rc1 Ne3 22. Bc2 Rxd2 0-1

[Event "Lippe Cup 03rd"]
[Site "Lieme"]
[Date "2006.10.08"]
[Round "4"]
[White "Hochfeldt, Malte"]
[Black "Kaierle, Dieter"]
[Result "1/2-1/2"]
[WhiteElo "1348"]
[BlackElo "1391"]
[PlyCount "92"]
[EventDate "2006.10.06"]
[EventType "swiss"]
[EventRounds "5"]
[EventCountry "GER"]
[SourceTitle "EXT 2012"]
[Source "ChessBase"]
[SourceDate "2011.11.24"]
[SourceVersion "1"]
[SourceVersionDate "2011.11.24"]
[SourceQuality "1"]

1. e4 e5 2. Nf3 Nc6 3. Bc4 Bc5 4. 0-0 d6 5. d3 Bg4 6. Be3 Bb6 7. Nbd2 h6 8. h3 Bh5 9. c3 Na5 10. Bb5+ c6 11. Ba4 Bxe3 12. fxe3 b5 13. Bc2 c5 14. Qe1 Ne7 15. d4 Bxf3 16. Nxf3 Ng6 17. Qg3 Qe7 18. a3 Nc4 19. Qe1 0-0 20. b3 Nb6 21. Qg3 Rab8 22. Rac1 a5 23. Qe1 a4 24. Rb1 axb3 25. Bxb3 c4 26. Bc2 Qe8 27. Qg3 Ra8 28. Ra1 Qe7 29. d5 Ra5 30. Ra2 Rfa8 31. Rfa1 R8a6 32. Nd2 Qa7 33. Nb1 Nd7 34. Bd1 Nc5 35. Bc2 Nf4 36. Kh2 Nfd3 37. Bxd3 cxd3 38. Rb2 Nxe4 39. Qf3 d2 40. Qe2 d1Q 41. Qxd1 Qxe3 42. Qg4 Nf6 43. Qc8+ Kh7 44. Qf5+ Kh8 45. Qc8+ Ng8 46. Nd2 Qf4+ 1/2-1/2